000
00243nam a2200109Ia 4500
008
220204s9999 xx 000 0 und d
082
_a
82-3
_b
BEN
100
_a
R H
245
4
_a
The Necromancers
260
_a
London
_b
Sphere
_c
1974
942
_c
BK
999
_c
28917
_d
28917